Overview of the fast emerging markets for rubber goods in developing countries (Record no. 64533)

MARC details
000 -LEADER
fixed length control field 00497nam a2200121Ia 4500
100 ## - MAIN ENTRY--AUTHOR NAME
Personal name Chaudhary S
245 #0 - TITLE STATEMENT
Title Overview of the fast emerging markets for rubber goods in developing countries
260 ## - PUBLICATION, DISTRIBUTION, ETC. (IMPRINT)
Name of publisher The Outlook for Rubber: Shortage, Sufficiency or Over-Supply ?: Proceedings of the International Rubber Forum 37th Assembly, Phuket, Thailand 15-19 April 1996; p18-28
650 ## - SUBJECT ADDED ENTRY--TOPICAL TERM
Topical Term Rubber consumption
650 ## - SUBJECT ADDED ENTRY--TOPICAL TERM
Topical Term Rubber goods
942 ## - ADDED ENTRY ELEMENTS (KOHA)
Koha item type Journals
Holdings
Withdrawn status Lost status Damaged status Not for loan Home library Current library Shelving location Date acquired Koha item type
      Journals RRII Library RRII Library Agricultural economics 17/12/2021 Journals